[Event "Perm op-B 11"]
[Site "Perm"]
[Date "2008.11.23"]
[Round "4"]
[White "Ardovsky, Philip"]
[Black "Glazunov, Viktor"]
[Result "1-0"]
[WhiteElo "2007"]
[BlackElo "1707"]
[PlyCount "61"]
[EventDate "2008.11.20"]
[EventType "swiss"]
[EventRounds "7"]
[EventCountry "RUS"]
[SourceTitle "EXT 2022"]
[Source "ChessBase"]
[SourceDate "2021.10.06"]
[SourceVersion "1"]
[SourceVersionDate "2021.10.06"]
[SourceQuality "1"]

1. e4 e5 2. Nf3 Nc6 3. Bb5 a6 4. Bxc6 dxc6 5. d4 Bg4 6. dxe5 Qe7 7. Qd4 Bxf3 8. gxf3 Rd8 9. Qc3 Qd7 10. Bd2 b5 11. 0-0 c5 12. Bg5 Be7 13. e6 Qd4 14. Qxd4 Rxd4 15. exf7+ Kxf7 16. Be3 Rd7 17. Nc3 c6 18. Rad1 Nf6 19. Rxd7 Nxd7 20. f4 Nf6 21. f3 Rd8 22. Rd1 Rxd1+ 23. Nxd1 b4 24. b3 g6 25. Nb2 Nd7 26. Nc4 Ke6 27. Kf2 Bf6 28. Na5 Bd4 29. Bxd4 cxd4 30. Nxc6 Kd6 31. Nxb4 1-0

[Event "Perm op2 03"]
[Site "Perm"]
[Date "2008.04.01"]
[Round "6"]
[White "Glazunov, Viktor"]
[Black "Kohanov, Boris"]
[Result "0-1"]
[WhiteElo "1732"]
[BlackElo "1963"]
[PlyCount "68"]
[EventDate "2008.03.25"]
[EventType "swiss"]
[EventRounds "7"]
[EventCountry "RUS"]
[SourceTitle "EXT 2022"]
[Source "ChessBase"]
[SourceDate "2021.10.06"]
[SourceVersion "1"]
[SourceVersionDate "2021.10.06"]
[SourceQuality "1"]

1. d4 d5 2. c4 e6 3. cxd5 exd5 4. Nc3 Nf6 5. Bf4 Bd6 6. Bg5 c6 7. Nf3 h6 8. Bh4 g5 9. Bg3 Ne4 10. Bxd6 Qxd6 11. Nd2 f5 12. e3 Be6 13. Be2 Nd7 14. Bh5+ Ke7 15. Ncxe4 dxe4 16. 0-0 Nf6 17. Be2 g4 18. Bc4 h5 19. Qb3 b5 20. Bxe6 Qxe6 21. Qa3+ Qd6 22. Qa6 Rhb8 23. Nb3 Nd5 24. Nc5 Rb6 25. Qa3 a5 26. Qb3 a4 27. Qc2 a3 28. b3 b4 29. Na4 Raa6 30. Rfc1 h4 31. Qe2 Rxa4 32. bxa4 Nc3 33. Rxc3 bxc3 34. Qc4 Qd5 0-1

[Event "PriFR-ch Seniors"]
[Site "Perm"]
[Date "2007.03.08"]
[Round "8"]
[White "Glazunov, Viktor"]
[Black "Kichigin, Viktor"]
[Result "1-0"]
[WhiteElo "1713"]
[BlackElo "1932"]
[PlyCount "109"]
[EventDate "2007.03.01"]
[EventType "swiss"]
[EventRounds "9"]
[EventCountry "RUS"]
[SourceTitle "EXT 2022"]
[Source "ChessBase"]
[SourceDate "2021.10.06"]
[SourceVersion "1"]
[SourceVersionDate "2021.10.06"]
[SourceQuality "1"]

1. c4 e5 2. Nc3 c6 3. Nf3 d6 4. g3 Nf6 5. Bg2 Be7 6. d3 0-0 7. 0-0 Be6 8. Nd2 d5 9. cxd5 cxd5 10. e3 Nc6 11. f4 exf4 12. exf4 Bf5 13. Nf3 Nb4 14. Ne5 Bc5+ 15. d4 Bb6 16. Rf2 Rc8 17. a3 Nc6 18. Be3 Ne4 19. Nxe4 Bxe4 20. Bxe4 dxe4 21. Rd2 Ne7 22. Kf2 Qd5 23. Qa4 Rfd8 24. Rc2 Rxc2+ 25. Qxc2 Bxd4 26. Qe2 Bxe3+ 27. Qxe3 Nf5 28. Qe2 Qd4+ 29. Kg2 Qd2 30. Re1 e3 31. Nf3 Qd5 32. g4 Nh4+ 33. Kg3 Nxf3 34. Qxf3 Qxf3+ 35. Kxf3 Rd2 36. Re2 Kf8 37. Kxe3 Rd7 38. Rc2 g6 39. Ke4 Kg7 40. h4 f6 41. Rc5 Kf7 42. b4 Ke7 43. b5 Kd6 44. Rd5+ Ke7 45. Rxd7+ Kxd7 46. Kd5 Ke7 47. a4 Kd7 48. a5 Ke7 49. a6 bxa6 50. bxa6 Kd7 51. h5 g5 52. f5 Ke7 53. Kc6 Kd8 54. Kd6 Ke8 55. Ke6 1-0

[Event "Perm op 01-B"]
[Site "Perm"]
[Date "2007.01.25"]
[Round "7"]
[White "Glazunov, Viktor"]
[Black "Kashin, Yury"]
[Result "1/2-1/2"]
[WhiteElo "1713"]
[BlackElo "2033"]
[PlyCount "32"]
[EventDate "2007.01.17"]
[EventType "swiss"]
[EventRounds "8"]
[EventCountry "RUS"]
[SourceTitle "EXT 2019"]
[Source "ChessBase"]
[SourceDate "2018.10.10"]
[SourceVersion "1"]
[SourceVersionDate "2018.10.10"]
[SourceQuality "1"]

1. d4 e6 2. c4 d5 3. Nc3 f5 4. cxd5 exd5 5. Nf3 Nf6 6. Bf4 Bd6 7. Ne5 0-0 8. e3 c6 9. Bd3 Qe7 10. 0-0 Nbd7 11. Nxd7 Bxd7 12. Bxd6 Qxd6 13. Ne2 Rae8 14. Ng3 Ng4 15. Be2 h6 16. Bxg4 fxg4 1/2-1/2

[Event "Perm op 01-B"]
[Site "Perm"]
[Date "2007.01.22"]
[Round "4"]
[White "Goldshtein, Grigory"]
[Black "Glazunov, Viktor"]
[Result "1-0"]
[WhiteElo "2185"]
[BlackElo "1713"]
[PlyCount "63"]
[EventDate "2007.01.17"]
[EventType "swiss"]
[EventRounds "8"]
[EventCountry "RUS"]
[SourceTitle "EXT 2019"]
[Source "ChessBase"]
[SourceDate "2018.10.10"]
[SourceVersion "1"]
[SourceVersionDate "2018.10.10"]
[SourceQuality "1"]

1. c4 c5 2. Nc3 Nf6 3. e4 d6 4. g3 Nc6 5. Bg2 g6 6. d3 Nd4 7. f3 Bg7 8. Nge2 Nxe2 9. Qxe2 Bd7 10. Be3 a6 11. a4 Qc8 12. a5 Bh3 13. Na4 Bxg2 14. Qxg2 Nd7 15. 0-0 0-0 16. f4 Rb8 17. Nc3 e6 18. g4 b5 19. cxb5 axb5 20. f5 b4 21. Nd1 Qa6 22. Qe2 Ne5 23. f6 Bh8 24. g5 Qxd3 25. Qxd3 Nxd3 26. Bf4 e5 27. Bc1 Ra8 28. Ne3 h6 29. h4 Ra6 30. b3 Rfa8 31. Nc4 Kf8 32. Be3 1-0